| 000 | 02111nam a2200337 a 4500 | ||
|---|---|---|---|
| 003 | BLK | ||
| 005 | 20250312152753.0 | ||
| 008 | 230317b bu |||||r|||| 00| | bu d | ||
| 020 | _a9786197372540 | ||
| 040 | _aBLK | ||
| 041 |
_aBUL _cBUL |
||
| 080 |
_aБългарска литература _b821.163.2 _x(092)(047.53) _z821.163.2(092)(047.53) |
||
| 080 |
_aБългарски поет, писател, журналист _b929 Левчев, Владимир Любомиров _z929 Левчев, Владимир Любомиров |
||
| 100 | 1 |
_aЛевчев, Владимир Любомиров _d1957- _gПоет, писател, изкуствовед. Преводач от английски и руски език _988159 |
|
| 139 |
_aЛевчев, Владимир Любомиров _bЛ 36 |
||
| 245 |
_aЖивотът - спомен за сън _bЛитературна анкета с Владимир Левчев _cвъпросите зададе Боряна Владимирова |
||
| 260 |
_9391695 _aСофия _bИзд. център Боян Пенев при Инст. за лит. - БАН _c2022 _fСофия : Дайрект сървисиз |
||
| 300 |
_a192 с. _bс ил. _c21 см |
||
| 380 | _a82 | ||
| 490 |
_9201749 _aЛитературни анкети |
||
| 500 | _aВладимир Левчев през погледа на другите: с. 150-191 Изд. на БАН. Институт за лит. Сер. загл. на гърба на кор.: Поредица Литературни анкети Рец.: Морис Фадел, Иван Христов | ||
| 650 | 0 |
_aПисатели, български - интервюта _9286485 |
|
| 650 | 0 |
_9244446 _aБългария - литературознание |
|
| 653 | 7 |
_9182706 _aбългарски писатели |
|
| 700 |
_9519 _aВладимирова, Боряна Владимирова _eвъпросите зададе |
||
| 852 |
_aЦб 316432 _bЦб |
||
| 856 |
_i0.00 _ldisable |
||
| 942 |
_cKNG _n0 _s1 |
||
| 944 |
_aCR _c2023-03-17 _k30560 _lГеновева Генчева |
||
| 999 |
_c489180 _d489180 |
||
| 999 | _d489180 | ||